|
|
|
|
| LEADER |
00000naa2a2200000 4500 |
| 001 |
126509 |
| 005 |
20250428102636.0 |
| 035 |
|
|
|a (RuTPU)RU\TPU\book\136859
|
| 090 |
|
|
|a 126509
|
| 100 |
|
|
|a 20071128d2007 k y0rusy50 ca
|
| 101 |
0 |
|
|a rus
|
| 102 |
|
|
|a RU
|
| 200 |
1 |
|
|a Причины аварийных ситуаций при проходке дренажных горных выработок по геофизическим данным
|f А. А. Аскеров
|g науч. рук. Е. В. Гусев, Н. А. Забродина
|
| 461 |
|
0 |
|0 (RuTPU)RU\TPU\book\132777
|t Проблемы геологии и освоения недр
|o труды X Международного симпозиума имени академика М. А. Усова студентов и молодых ученых, посвященного 100-летию первого выпуска сибирских инженеров и 110-летию основания ТПУ; г. Томск, 3-8 апреля 2006 г.
|f Томский политехнический университет (ТПУ); Институт геологии и нефтегазового дела; под ред. В. А. Домаренко
|d 2007
|
| 463 |
|
0 |
|0 (RuTPU)RU\TPU\book\93780
|t Т. 1
|v С. 233-236
|d 2007
|
| 610 |
1 |
|
|a горные выработки
|
| 610 |
1 |
|
|a аварийные ситуации
|
| 610 |
1 |
|
|a геофизические данные
|
| 610 |
1 |
|
|a труды учёных ТПУ
|
| 700 |
|
1 |
|a Аскеров
|b А. А.
|
| 702 |
|
1 |
|a Гусев
|b Е. В.
|c геолог
|c доцент Томского политехнического института, кандидат геолого-минералогических наук
|c выпускник Томского политехнического института 1973
|f 1951-
|g Евгений Владимирович
|4 727
|9 6880
|
| 702 |
|
1 |
|a Забродина
|b Н. А.
|4 727
|
| 801 |
|
1 |
|a RU
|b 63413507
|c 20071128
|g PSBO
|
| 801 |
|
2 |
|a RU
|b 63413507
|c 20131004
|g RCR
|
| 850 |
|
|
|a 63413507
|
| 942 |
|
|
|c BK
|